00587nam a2200181 450000500170000001000150001702000260003203500140005803700090007208200160008110000180009724500930011526000400020827000740024830000200032270000330034270000300037520250605151431.0 aENG-145219 a9789394899469c351.00 aEN-128751 bDBAD a333.791521 aRamjani, S.A. aBasics of Energy and Environment/cS.A. Ramjani; J. John Gunasekar [and] J. Ramachandran aMaduraibShanlax Publicationsc2022 a61,66 Vasantha Nagar bMaduraie625003mshanlaxpublications@gmail.com a117p.c25cm(Pb) aGunasekar, J. John eAuthor aRamachandran, J. eAuthor